Miasta Związku Radzieckiego - nagła śmierć - Statystyki

Ogólne statystyki
  • Ten quiz został rozwiązany 58 razy
  • Średni wynik to 3 z 17
Answers on the Grid
Answers color-coded by a green-red scale on the quiz's grid according to % correct below.
Breżniew
Komkolzgrad
Stalinabad
Żdanogorsk
Komsomolsk
Krasnyj Oktiabr
Dniepr
Kaukazowsk
Lenstal
Czernienko
Stalinodar
Trocki
Kirowabad
Staliniri
Petrowski
Szewczenko
Astana
Biszkek
Dmitrijewsk
Włodzimierz Wołyński
Dzierżyńsk
Iwanogrod
Nowy Samarowsk
Bajkonur
Kropywnicki
Togliatti
Joszkar-Oła
Zagorsk
Sozopol
Titograd
Bakczysaraj
Gottwald
 
Statystyki odpowiedzi
Odpowiedź % Poprawnych
Breżniew
33%
Komsomolsk
29%
Dzierżyńsk
24%
Stalinabad
24%
Togliatti
24%
Włodzimierz Wołyński
24%
Iwanogrod
19%
Joszkar-Oła
19%
Staliniri
19%
Bajkonur
14%
Czernienko
14%
Zagorsk
10%
Bakczysaraj
5%
Gottwald
5%
Kirowabad
5%
Krasnyj Oktiabr
5%
Szewczenko
5%
Nie znaleziono quizów pasujących do podanych kryteriów
Rozkład punktacji
Procent ludzi z każdym wynikiem
Percentyl według liczby udzielonych odpowiedzi
Twoja historia wyników
Nie rozwiązałeś tego quizu